[Event "Southend op 58th"]
[Site "Southend"]
[Date "2014.04.21"]
[Round "7"]
[White "Matthews, Adrian MS"]
[Black "Clarke, Sean A"]
[Result "1/2-1/2"]
[WhiteElo "1882"]
[BlackElo "1930"]
[PlyCount "41"]
[EventDate "2014.04.18"]
[EventType "swiss"]
[EventRounds "7"]
[EventCountry "ENG"]
[SourceTitle "EXT 2016"]
[Source "ChessBase"]
[SourceDate "2015.10.08"]
[SourceVersion "1"]
[SourceVersionDate "2015.10.08"]
[SourceQuality "1"]

1. e4 c6 2. d4 d5 3. exd5 cxd5 4. Bd3 Nc6 5. c3 Qc7 6. Ne2 e6 7. Bf4 Bd6 8. Bxd6 Qxd6 9. Nd2 Nf6 10. Nf3 Bd7 11. Ng3 a6 12. Qe2 g6 13. Ne5 Na7 14. Qf3 Qe7 15. a4 Rc8 16. 0-0 Rc7 17. Qf4 Bc6 18. b4 0-0 19. f3 Rfc8 20. h4 Be8 21. Ne2 1/2-1/2

[Event "BCF-chT3 0910 (4NCL)"]
[Site "England"]
[Date "2010.01.17"]
[Round "4.3"]
[White "Kett, Timothy"]
[Black "Clarke, Sean A"]
[Result "1-0"]
[WhiteElo "2238"]
[BlackElo "1786"]
[PlyCount "53"]
[EventDate "2009.10.24"]
[EventType "team-tourn"]
[EventRounds "11"]
[EventCountry "ENG"]
[SourceTitle "EXT 2011"]
[Source "ChessBase"]
[SourceDate "2010.11.26"]
[SourceVersion "1"]
[SourceVersionDate "2010.11.26"]
[SourceQuality "1"]
[WhiteTeam "Rhyfelwyr Essyllwg"]
[BlackTeam "Southern Counties Stars"]
[WhiteTeamCountry "ENG"]
[BlackTeamCountry "ENG"]

1. e4 e6 2. d4 d5 3. Nc3 dxe4 4. Nxe4 Be7 5. Nf3 Nf6 6. Bd3 Nbd7 7. 0-0 Nxe4 8. Bxe4 Nf6 9. Bd3 0-0 10. Ne5 c5 11. dxc5 Bxc5 12. Bg5 Be7 13. Qe2 Nd5 14. Bd2 Qc7 15. Rad1 Bd6 16. f4 b6 17. c4 Bc5+ 18. Kh1 Nf6 19. Bc3 Bb7 20. f5 Rae8 21. Ng4 Nxg4 22. Qxg4 f6 23. fxe6 Qc6 24. Rde1 Be7 25. Rf3 Rd8 26. Rg3 g5 27. Bxh7+ 1-0

[Event "BCF-chT4 0708 (4NCL)"]
[Site "England"]
[Date "2007.10.28"]
[Round "2.5"]
[White "Hewitt, Sean"]
[Black "Clarke, Sean A"]
[Result "0-1"]
[WhiteElo "2005"]
[BlackElo "1800"]
[PlyCount "144"]
[EventDate "2007.09.15"]
[EventType "team-swiss"]
[EventRounds "11"]
[EventCountry "ENG"]
[SourceTitle "EXT 2009"]
[Source "ChessBase"]
[SourceDate "2008.11.26"]
[SourceVersion "1"]
[SourceVersionDate "2008.11.26"]
[SourceQuality "1"]
[WhiteTeam "Littlehorpe"]
[BlackTeam "Southern Counties Stars"]
[WhiteTeamCountry "ENG"]
[BlackTeamCountry "ENG"]

1. e4 c6 2. d4 d5 3. e5 c5 4. dxc5 Nc6 5. Bb5 e6 6. Bxc6+ bxc6 7. b4 Qh4 8. Nf3 Qxb4+ 9. c3 Qxc5 10. 0-0 Qb6 11. Be3 Qc7 12. Nbd2 Ba6 13. Re1 g6 14. Rc1 Bg7 15. c4 Rd8 16. Qa4 Bb7 17. Bc5 Bf8 18. Be3 Ne7 19. Bg5 h6 20. Bf6 Rh7 21. Rb1 Bc8 22. Nd4 Bd7 23. Rb2 Rb8 24. Reb1 Rxb2 25. Rxb2 Nc8 26. Qc2 Be7 27. cxd5 exd5 28. N2f3 Bxf6 29. exf6 Kd8 30. Qc3 Nb6 31. Qc5 Kc8 32. Re2 Nc4 33. Qf8+ Qd8 34. Qb4 Qxf6 35. Qc5 Qd6 36. Qxa7 Qa3 37. Qxa3 Nxa3 38. Ne5 c5 39. Re3 Nb5 40. Nxd7 cxd4 41. Rb3 Kxd7 42. Rxb5 Kc6 43. Rb8 f5 44. Rc8+ Kb5 45. Kf1 d3 46. Rc3 d4 47. Rxd3 Kc4 48. Ke2 Re7+ 49. Kd2 Ra7 50. a3 Rb7 51. Kc2 Rb2+ 52. Kxb2 Kxd3 53. a4 Ke2 54. a5 d3 55. a6 d2 56. a7 d1Q 57. a8Q Qd4+ 58. Kb3 Qd3+ 59. Kb2 Qd4+ 60. Kb3 Qd1+ 61. Kb2 Kxf2 62. Kc3 Qe1+ 63. Kb3 Qe4 64. Qa2+ Kg1 65. Qa6 Qxg2 66. h4 Qg3+ 67. Kc2 f4 68. Kd1 f3 69. Qb6+ f2 70. Ke2 Qe5+ 71. Kf3 Qf5+ 72. Kg3 h5 0-1